000 00586cam a22001691 4500
001 000018566
005 20200929165826.0
008 740422s1973 ck 000 0 spa
040 _aDO-SdBNP
_bspa
_cBNPHU
082 _axx
_bxx
100 2 _aMoreno Clavijo, Jorge
_940152
245 1 3 _aEl hombre que hacia monitos, y otras estampas bogotanas. /
_cJorge Moreno Clavijo.
260 _aBogotá :
_bInstituto Colombiano,
_c1973.
300 _a109 p. ;
_c17 cm.
490 1 _aBiblioteca Colombiana de Cultura. Pupular
_v115
830 0 _aBiblioteca Colombiana de Cultura.
_pPupular,
_v115
_940153
999 _c18086
_d18086